FA Cup Winners - 1 Minute Sprint - Statistics

General Stats
  • This quiz has been taken 90 times
    60 since last reset
  • The average score is 15 of 44
Answer Stats
Times Won Winning Team % Correct
13 Arsenal
100%
13 Manchester United
100%
8 Chelsea
96%
7 Manchester City
96%
8 Liverpool
91%
8 Tottenham Hotspur
83%
6 Newcastle United
74%
5 Everton
66%
7 Aston Villa
55%
1 Leicester City
53%
3 West Ham United
51%
4 Wolverhampton Wanderers
45%
2 Nottingham Forest
43%
2 Sunderland
43%
1 Wigan Athletic
43%
1 Leeds United
38%
1 Southampton
34%
2 Portsmouth
32%
1 Blackburn Olympic
26%
6 Blackburn Rovers
26%
2 Preston North End
26%
5 West Bromwich Albion
23%
4 Bolton Wanderers
21%
1 Cardiff City
21%
1 Burnley
19%
1 Derby County
19%
4 Sheffield United
19%
1 Blackpool
17%
1 Coventry City
17%
3 Sheffield Wednesday
17%
1 Ipswich Town
13%
1 Wimbledon
13%
1 Huddersfield Town
11%
1 Oxford University
11%
5 Wanderers
11%
2 Bury
9%
1 Chartlon Athletic
9%
1 Barnsley
6%
1 Notts County
6%
2 Old Etonians
4%
1 Bradford City
2%
1 Clapham Rovers
0%
1 Old Carthusians
0%
1 Royal Engineers
0%
No matching quizzes found
Score Distribution
Percent of People with Each Score
Percentile by Number Answered
Your Score History
You have not taken this quiz since the last reset